Diversidad de los procesos de crecimiento económico de los cuatro tigres asiáticos.

Štyri "ázijskí tigri" - Južná Kórea, Tchajwan, Hongkong a Singapur sa dlho uvádzajú ako príklad úspešného modelu orientovaného na export v rámci rozvojových krajín. Stratégie umožňujúci takýto vývoj. Analýza základných odlišností v ekonomickom vývoji a perspektívnych politík týchto štátov a ich poro...

ver descrição completa

Na minha lista:
Detalhes bibliográficos
Autor principal: Lee Kim, H.S
Formato: Capítulo de Livro
Idioma:espanhol
Assuntos:
Tags: Adicionar Tag
Sem tags, seja o primeiro a adicionar uma tag!

MARC

LEADER 00000naa a2200000 4500
001 r007713
005 20221130112540.9
041 0 |a spa 
044 |a MX 
245 1 0 |a Diversidad de los procesos de crecimiento económico de los cuatro tigres asiáticos.  |c H.S. Lee Kim 
520 |a Štyri "ázijskí tigri" - Južná Kórea, Tchajwan, Hongkong a Singapur sa dlho uvádzajú ako príklad úspešného modelu orientovaného na export v rámci rozvojových krajín. Stratégie umožňujúci takýto vývoj. Analýza základných odlišností v ekonomickom vývoji a perspektívnych politík týchto štátov a ich porovnanie s ekonomickým rozvojom v Mexiku. 
610 2 0 |a rast hospodársky 
610 2 0 |a Južná Kórea 
610 2 0 |a Taiwan 
610 2 0 |a Hongkong 
610 2 0 |a Singapur 
610 2 0 |a vývoz 
610 2 0 |a Mexiko 
610 2 0 |a stratégia hospodárska 
610 2 0 |a vývoj hospodársky 
610 2 0 |a údaje štatistické 
610 2 0 |a NIK 
100 1 |a Lee Kim, H.S.